LEADER 03201nam 22006494a 450 001 9910145297803321 005 20170816150012.0 010 $a1-281-31046-8 010 $a9786611310462 010 $a0-470-70729-1 010 $a0-470-77358-8 010 $a0-470-77531-9 035 $a(CKB)1000000000398568 035 $a(EBL)351052 035 $a(OCoLC)437214048 035 $a(SSID)ssj0000135187 035 $a(PQKBManifestationID)11144196 035 $a(PQKBTitleCode)TC0000135187 035 $a(PQKBWorkID)10058478 035 $a(PQKB)10784352 035 $a(MiAaPQ)EBC351052 035 $a(iGPub)WILEYB0013391 035 $a(EXLCZ)991000000000398568 100 $a20050516d2006 uy 0 101 0 $aeng 135 $aur|n|---||||| 181 $ctxt 182 $cc 183 $acr 200 00$aDavid Harvey$b[electronic resource] $ea critical reader /$fedited by Noel Castree and Derek Gregory 205 $a1st ed. 210 $aMalden, MA ;$aOxford $cBlackwell Pub.$d2006 215 $a1 online resource (340 p.) 225 1 $aAntipode book series 300 $aDescription based upon print version of record. 311 $a0-631-23510-8 311 $a0-631-23509-4 320 $aIncludes bibliographical references (p. [303]-318) and index. 327 $gIntroduction:$tTroubling geographies /$rDerek Gregory --$tBetween deduction and dialectics: David Harvey on knowledge /$rTrevor Barnes --$tDavid Harvey and Marxism /$rAlex Callinicos --$tDialectical materialism: stranger than friction /$rMarcus Doel --$tDifferences that matter /$rMelissa Wright --$tDavid Harvey on cities /$rSharon Zukin --$tDavid Harvey on cities /$rSharon Zukin --$tDavid Harvey and dialectical space-time /$rEric Sheppard --$tSpatial fixes, temporal fixes and spatio-temporal fixes /$rBob Jessop --$tGlobalization and primitive accumulation: the contributions of David Harvey's dialectical Marxism /$rNancy Hartsock --$tTowards a new earth and a new humanity: nature, ontology, politics /$rBruce Braun --$tDavid Harvey: a rock in a hard place /$rNigel Thrift --$tMessing with 'the project' /$rCindi Katz --$tThe detour of critical theory /$rNoel Castree --$tSpace as a keyword /$rDavid Harvey. 330 $aThis book critically interrogates the work of David Harvey, one of the world's most influential geographers, and one of its best known Marxists.Considers the entire range of Harvey's oeuvre, from the nature of urbanism to environmental issues.Written by contributors from across the human sciences, operating with a range of critical theories.Focuses on key themes in Harvey's work.Contains a consolidated bibliography of Harvey's writings. 410 0$aAntipode book series. 606 $aGeography$xPhilosophy 606 $aSocial sciences 608 $aElectronic books. 615 0$aGeography$xPhilosophy. 615 0$aSocial sciences. 676 $a910.01 676 $a910/.01 701 $aCastree$b Noel$f1968-$0760068 701 $aGregory$b Derek$0121032 801 0$bMiAaPQ 801 1$bMiAaPQ 801 2$bMiAaPQ 906 $aBOOK 912 $a9910145297803321 996 $aDavid Harvey$91911234 997 $aUNINA LEADER 05171nam 22006134a 450 001 9910784567803321 005 20200520144314.0 010 $a1-281-00554-1 010 $a9786611005542 010 $a0-08-049208-8 035 $a(CKB)1000000000363770 035 $a(EBL)294651 035 $a(OCoLC)437181623 035 $a(SSID)ssj0000222302 035 $a(PQKBManifestationID)11172890 035 $a(PQKBTitleCode)TC0000222302 035 $a(PQKBWorkID)10168821 035 $a(PQKB)10856451 035 $a(Au-PeEL)EBL294651 035 $a(CaPaEBR)ebr10186381 035 $a(CaONFJC)MIL100554 035 $a(MiAaPQ)EBC294651 035 $a(EXLCZ)991000000000363770 100 $a20030425d2004 uy 0 101 0 $aeng 135 $aurcn||||||||| 181 $ctxt 182 $cc 183 $acr 200 00$aPlant cell death processes$b[electronic resource] /$fedited by Larry D. Noode?n 210 $aAmsterdam $cBoston $cElsevier Academic Press$dc2004 215 $a1 online resource (419 p.) 300 $aIncludes bibliographical references and index. 311 $a0-12-520915-0 327 $aFront Cover; Plant Cell Death Processes; Copyright Page; Contents; Contributors; Foreword-Aging and Death; Preface; Chapter 1. Introduction; I. What this Book Covers; II. The Processes-Senescence, Aging, Programmed Cell Death, Apoptosis, etc.-Evolving Concepts; III. Apoptosis in Animals; IV. Apoptosis in Plants; V. The Senescence Syndrome; VI. Hormonal Controls; VII. Evolution; References; Chapter 2. Plant Cell Death and Cell Differentiation; I. Introduction; II. The Scope of PCD in Plants; III. Prereproductive Cell Death; IV. Reproductive Cell Death; V. Conclusions; References 327 $aChapter 3. Cell Death in Plant Disease: Mechanisms and Molecular Markers I. Introduction; II. Role of Cell Death during Plant-Pathogen Interactions; III. Structural and Biochemical Changes Accompanying Cell Death during Plant Disease; IV. Definition of Steps Involved in the Signaling Process of Cell Death Induction during Plant-Pathogen Interactions; V. Molecular Components for Cell Death Control during Plant-Pathogen Interactions; VI. Global Analyses of Markers for Cell Death Induction by Plant Pathogens; References; Chapter 4. Changes in Gene Expression during Senescence; I. Introduction 327 $aII. Changes in Patterns of Nucleic Acids and Proteins during Senescence III. Similarities between Senescing and Ripening Tissues; IV. Identification and Classification of Senescence-related Genes; V. Senescence-related Genes; VI. Function of SR Genes in Senescence; VII. Summary; References; Chapter 5. Genes that Alter Senescence; I. Introduction; II. Senescence as a Genetically Programmed Process; III. Genes Involved in Execution of Senescence; IV. Genes Affecting Senescence through Action on the Hormonal Controls; V. Genes that Alter Senescence in Response to Environmental Factors 327 $aVI. Genes Controlling Vegetative Growth (Regeneration) and Monocarpic Senescence VII. Regulatory Genes and Intracellular Signaling; VIII. Conclusions; References; Chapter 6. Senescence and Genetic Engineering; I. Introduction; II. The Relationship of Cytokinins and Senescence; III. The Relationship of Ethylene and Senescence; IV. Concluding Remarks; References; Chapter 7. Proteolysis; I. Introduction; II. Selective Hydrolysis of Peptide Bonds; III. Proteolytic Activities in Plants; IV. Proteolysis in Relation to Cell Death; V. Regulation of Protein Catabolism; VI. Conclusions; References 327 $aChapter 8. Ethylene Signaling in Plant Cell Death I. Introduction; II. Ethylene Biosynthesis Pathways; III. Temporal and Spatial Regulation of Ethylene Biosynthesis; IV. Ethylene Signal Transduction Pathway; V. Ethylene Cross Talk with Other Plant Hormones; VI. Protease Involvement and Ethylene Biosynthesis in PCD; VII. Hormonal Regulation of Plant PCD; VIII. Perspective; References; Chapter 9. Jasmonates - Biosynthesis and Role in Stress Responses and Developmental Processes; I. Introduction; II. Jasmonates and Related Compounds 327 $aIII. LOX-derived Compounds and the Biosynthesis of Octadecanoids and Jasmonates 330 $aProgrammed cell death is a common pattern of growth and development in both animals and plants. However, programmed cell death and related processes are not as generally recognized as central to plant growth. This is changing fast and is becoming more of a focus of intensive research. This edited work will bring under one cover recent reviews of programmed cell death, apoptosis and senescence.Summaries of the myriad aspects of cell death in plants Discussion of the broadest implications of these disparate results A unification of fields where there has been no cross talk 606 $aPlant physiology 606 $aCell death 615 0$aPlant physiology. 615 0$aCell death. 676 $a571.9/36 701 $aNoode?n$b Larry D$01488146 801 0$bMiAaPQ 801 1$bMiAaPQ 801 2$bMiAaPQ 906 $aBOOK 912 $a9910784567803321 996 $aPlant cell death processes$93708373 997 $aUNINA